000 00583cam a2200181 a 4500
020 _a0520070526 (alk. paper)
040 _cDLC
041 0 _hfre
082 0 0 _a959 UNI 1994 A101 Or.
100 1 _aMartin, Marie Alexandrine,
245 1 0 _aCambodia, a shattered society /
250 _aRev. & updated ed.
260 _aBerkeley :
_bUniversity of California Press,
_cc1994.
300 _axxi, 398 p. :
_bill., maps ;
_c24 cm.
856 4 2 _uhttp://www.loc.gov/catdir/bios/ucal051/93031837.html
856 4 2 _uhttp://www.loc.gov/catdir/description/ucal041/93031837.html
942 _cEK
999 _c13132
_d13132